000 01618naa a2200337 i 4500
003 EG-GICUC
005 20260121101428.0
008 251203s1934 us o|||fr|||| ||1 | lat d
040 _aEG-GiCUC
_beng
_cEG-GiCUC
_dEG-GiCUC
_erda
082 0 4 _221
_a341.762
_bPU . E
092 0 4 _221
099 _aLaw1 11 341.762 PU . J 1934
100 1 _aPufendorf, Samuel,
_d1632-1694,
_eAuthor.
245 1 0 _aDe Jure Naturae et Gentium Libri Octo.
_nVolume One,
_pA Photographic Reproduction of the Edition of 1688 /
_cby Samuel Pufendorf ; with an Introduction by Walter Simons.
264 3 _aNew York :
_bOxford University Press,
_c1934.
264 1 _aLondon :
_bHumphrey Milford,
_c1934.
300 _a66a , 1002 pages :
_bPhotogragh ;
_c24 cm.
336 _2rda content
_atext
337 _2rda media
_aComputer
338 _2rda carrier
_aOnline Resource
490 0 _aThe classics of international law.
500 _atext in Latin
504 _aBibliographic references
505 _aVOL. 1. A Photographic Reproduction of the Edition of 1688, with an Introduction by Walter Simons, a List of Errata, the Text of the Quotations from Greek Authors, and a portrait of Pufendorf. VOL. II. A Translation of the Text, by C. H. and W. A. Oldfather, with a translation of the Introduction of Walter Simons, List of Classical Authors and Translations, and Indexes.
650 1 4 _2qrmak
_xPublic international law
_aLaw of Nature
651 1 _2qrmak
700 _aSimons, Walter,
_eContributor
_d1861-1937,
856 4 0 _uhttps://fll.law.cu.edu.eg/fulltext/bks/B11-05270.pdf
905 _a75
_eHassnaa
942 _2ddc
_n0
_cBK
_e21
999 _c48254
_d48254